Statistiken für Eintracht Frankfurt Kader 2019/20

Klicken Sie hier um das Quiz zu spielen!

Allgemein

  • Dieses Quiz wurde 144 mal gespielt
  • Das Durchschnittsergebnis liegt bei 17 aus 31

Antwortstatistiken

PositionName% Korrekt
TorwartKevin Trapp
99%
TrainerAdolf Hütter
90%
MittelfeldFilip Kostic
86%
MittelfeldSebastian Rode
81%
AbwehrMakoto Hasebe
80%
AbwehrMartin Hinteregger
79%
SturmAndre Silva
76%
AbwehrDanny da Costa
76%
AbwehrTimothy Chandler
70%
MittelfeldDaichi Kamada
69%
AbwehrEvan Ndicka
67%
TorwartFrederik Rönnow
66%
AbwehrDavid Abraham
64%
SturmBas Dost
63%
SturmGoncalo Paciencia
60%
MittelfeldDjibril Sow
59%
AbwehrErik Durm
58%
MittelfeldMijat Gacinovic
54%
AbwehrAlmamy Toure
49%
MittelfeldDominik Kohr
48%
TowartFelix Wiedwald
42%
TorwartJan Zimmermann
35%
MittelfeldGelson Fernandes
31%
AbwehrMarco Russ
30%
MittelfeldStefan Ilsanker
30%
MittelfeldJonathan de Guzman
25%
MittelfeldLucas Torro
20%
MittelfeldNils Stendera
18%
MittelfeldSahverdi Cetin
15%
MittelfeldMarijan Cavar
10%
MittelfeldPatrick Finger
10%

Verteilung der Resultate

Perzentil nach korrekt beantworteten Fragen

Anzahl Personen mit jedem Resultat

Ihre Resultats-Entwicklung

Sie haben dieses Quiz noch nicht gespielt